000 00442nam a2200121Ia 4500
008 160712s9999 xx 000 0 und d
100 _aKammen, Douglas.
245 _cDouglas Kammen
_aSovereignty and Food Politics in East Timor
260 _c2011
_bKasarinlan Philippine Journal of Third World Studies
300 _avol. 26 no. 1-2
650 _xINDEPENDENCE
856 _uhttp://journals.upd.edu.ph/index.php/kasarinlan/issue/view/331/showToc
999 _c297617
_d297617